000 00326nam a2200133Ia 4500
008 240624s9999 xx 000 0 und d
041 _aeng
082 _a658.401 BED
100 _aBEDI KANISHKA
245 _aQUALITY MANAGEMENT
260 _c2014
_aNew Delhi
_bOxford
300 _axi, : 712 : p. : cm. ; 26
365 _cRS
_b31
999 _c25014
_d25014